000 00939cam a22003017a 4500
003 CHAP
005 20220329140806.0
008 971013s1977 r 00010 d
010 _a57695
011 _a58667
035 _a62822
040 _cCHAP
090 _aFolleto 6975
100 0 0 _aStavenhagen, Rodolfo.
_9109545
245 1 3 _aEl campesinado y las estrategias del desarrollo rural
260 _aMéxico :
_bEl Colegio de mexico. Centro de Estudios Sociológicos,
_c1977
300 _a31 p.
490 0 _aCuadernos del CES
_v; 19
590 _aBATCH-UPD
_b10
_c20130110
_lUCH01
_h0956
590 _aCONVERSION
_b10
_c20130109
_lUCH01
_h1331
650 1 4 _aCampesinado.
_917993
650 1 4 _aDesarrollo rural.
_932067
830 0 _aCuadernos del CES
_v; 19
_929827
901 _aBK
942 _cFOLL
949 _aFolleto 6975
_bBC
_cFOLL
_d-134666
_eTS1
_i62822
_si
949 _aFolleto 6975
_bBC
_cFOLL
_d-134667
_eTS2
_fc.2
_i62822
_si
999 _c57695
_d57695